Možnosti a smery uplatnenia prvkov ASR v riadení chozrasčotnej sféry čiastková úloha SPEV 902-533-107/05

Guardado en:
Detalles Bibliográficos
Formato: Libro
Lenguaje:eslovaco
Publicado: VŠE 1989
Etiquetas: Agregar Etiqueta
Sin Etiquetas, Sea el primero en etiquetar este registro!

MARC

LEADER 00000nam a2200000 4500
001 c033894
005 20260326072602.8
041 0 |a slo 
044 |a SK 
245 1 0 |a Možnosti a smery uplatnenia prvkov ASR v riadení chozrasčotnej sféry  |b čiastková úloha SPEV 902-533-107/05 
264 1 |b VŠE  |c 1989 
300 |a 79 s.